000 01382nab a22002297a 4500
999 _c5585
_d5585
003 OSt
005 20251219111111.0
008 190429b xxu||||| |||| 00| 0 spa d
040 _cPJ
100 _96561
_aEsnaola, María de los Ángeles
245 1 0 _aFuego latente. Del control de la reproducción al crimen de odio:
_bla violencia estructural hacia la homosexualidad lésbica en clave histórica y jurídica /
_cMaría de los Ángeles Esnaola.
260 _cCiudad Autónoma de Buenos Aires :
_aThomson Reuters La Ley,
_b2025.
300 _ap. 171-176
500 _aCita: AR/DOC/1066/2025.
505 _aSumario: I. Introducción.— II. Los inicios de la persecución. Relación entre la imposición del capitalismo y el necesario control de la reproducción.— III. Creación del monstruo y legitimación para su exterminio.— IV. Brujas modernas, ¿en dónde quedó eso de la "libertad"?— V. La hoguera de Barracas.— VI. Reflexiones finales.— VII. Bibliografía.
505 _tSi te interesa el texto completo, solicitalo a koha@justierradelfuego.gov.ar
650 0 _9343
_aDERECHO PENAL
650 0 _92486
_aCRIMINOLOGÍA
700 _96560
_aBallesteros, Ignacio E.
_ecoautor
773 0 _02658
_93164
_tRevista de derecho penal y criminología. Nº 5 - Junio 2025
_dCiudad Autónoma de Buenos Aires : Thomson Reuters La Ley, 2017-
_x00347914
942 _2udc
_cANA